Čistota vod /

Uloženo v:
Podrobná bibliografie
Hlavní autor: Synáčková, Marcela
Médium: Kniha
Jazyk:čeština
Vydáno: Praha : České vysoké učení technické v Praze, 1996
Vydání:1. vyd. Dotisk.
Témata:
ISBN:800101083X
On-line přístup: Získat plný text
Tagy: Přidat tag
Žádné tagy, Buďte první, kdo vytvoří štítek k tomuto záznamu!

MARC

LEADER 00000nam a2200000 4500
003 SK-BrCVT
005 20220617184939.0
008 961202s1996 xr e ||||||cze d
020 |a 800101083X 
035 |a CVTIDW0939393 
040 |b slo  |a CVTI SR 
041 0 |a cze 
044 |a xr 
080 |a 504.4.054  |2 UDC-MRF 
080 |a 628.2  |2 UDC-MRF 
100 1 |a Synáčková, Marcela 
245 1 0 |a Čistota vod /  |c Marcela Synáčková 
250 |a 1. vyd. Dotisk. 
260 |a Praha :  |b České vysoké učení technické v Praze,  |c 1996 
300 |a 208 s. :  |b grafy, lit., obr., tab. ; 
653 1 |a biosféra  |a znečistenie  |a povrchová voda  |a podzemná voda  |a zrážková voda  |a odpadová voda 
692 |a BA PR JM MM 
910 |b S555757 
919 |a 80-01-01083-X 
974 |f Knihy 
992 |a ASK 
999 |c 86310  |d 86310